Products That End in O Quiz Stats

Quiz Updated Apr 14, 2013

Also try: Quotable Slogans
Challenge
Share
Tweet
Embed
Score 0/26 Timer 05:00
3 Plays Today
Hint Ends in O % Correct
Colorful interlocking toy bricksLego
98%
Nabisco's famed sandwich cookieOreo
87.5%
Despite its name, this Coke option has .75 caloriesCoke Zero
86.3%
This spring-driven stick got kids hopping back in 1920Pogo
85.3%
Gelatin dessert marketed by Kraft FoodsJell-O
84.9%
Kellogg's round frozen waffleEggo
83.3%
Ralph Lauren flagship brandPolo
83.1%
Lizard-promoted auto insurance companyGeico
73.5%
Classic cigarette lighter brandZippo
70.8%
The ___ Pad is basically steel wool injected with soapBrillo
69.5%
Card game with Wild Draw Four cardUno
68.5%
Tapered, caramel-filled chocolate candy sold in rollsRolo
67.5%
Top-selling cigarette know by its '___ Man' adsMarlboro
65.9%
Hint Ends in O % Correct
Board game that shares name with Shakespeare playOthello
65.2%
Suffering from flatulence? You might try thisBeano
55.9%
Ernest and Julio's wine brandGallo
38%
General Mills subsidiary best known for its line of soupsProgresso
37.8%
World's best-selling tequila brandJose Cuervo
37.5%
Confectionery co. known for its namesake ___ WafersNecco
34.7%
Sci-fi videogame franchise featuring the CovenantHalo
32%
___ Cup: Chocolate with marshmallow/coconut fillingMallo
30.5%
Cream-filled chocolate cake with pinwheel designHo Ho
27.2%
Former Cadillac vehicle named after mythical cityEldorado
26.1%
They released the first electric compact calculatorCasio
19.5%
Colorful Chevy pickup?Silverado
17.8%
This 'seltzer' took its name from sodium bromideBromo Seltzer
14.8%

You're not logged in!

Compare scores with friends on all Sporcle quizzes.
Join for Free
OR
Log In

You Might Also Like...

Show Comments

Extras

Top Quizzes Today


Score Distribution

Your Account Isn't Verified!

In order to create a playlist on Sporcle, you need to verify the email address you used during registration. Go to your Sporcle Settings to finish the process.

Report this User

Report this user for behavior that violates our Community Guidelines.

Details: